000 00299nam a22001337a 4500
003 SGT
082 _a370.954,SHA
100 _aSHARMA,RAJANI
245 _aCONTEMPORARY INDIA AND EDUCATION
260 _aSHIKSHA PRAKASHAN PUB.
_c2016
300 _a200
650 _aEDUCATION
942 _2ddc
_cGF BOOKS
999 _c34615
_d34615